| 000 | 00859nam a2200301Ia 4500 | ||
|---|---|---|---|
| 003 | OSt | ||
| 005 | 20221006144635.0 | ||
| 006 | a|||||r|||| 00| 0 | ||
| 007 | ta | ||
| 008 | 221006b |||||||| |||| 00| 0 chi d | ||
| 020 | _a 9787301038123 (V.2) | ||
| 020 |
_a9787301036143 (V.1) _cYu 30.00 (each) |
||
| 024 | _a12,212 | ||
| 037 |
_bGift, PRC _cTextual |
||
| 040 |
_aEASL _cEASL _bchi |
||
| 041 |
_2chi _achi |
||
| 082 | _aP41, N8. | ||
| 100 |
_aLI Keqian Ed. _9652497 |
||
| 245 | 0 | _aJiao Ji wen hua han yu 2 Vols. | |
| 260 |
_aBeijing _bBeijing Daxue Chubanshe China _c1998 |
||
| 300 |
_a183+189p. _ccm. |
||
| 490 | _v V.1CL | ||
| 650 |
_a CL _9642733 |
||
| 650 |
_aChinese Language _9224250 |
||
| 700 |
_a HU Hong Ed. _9652498 |
||
| 942 |
_hP41, N8. _cTEXL _2CC |
||
| 999 |
_c1080298 _d1080298 |
||